| 000 | 00408aam a2200169 4500 | ||
|---|---|---|---|
| 005 | 20160718112931.0 | ||
| 008 | 150616b xxu||||| |||| 00| 0 spa d | ||
| 041 | _aInglés | ||
| 082 |
_a917.286 _bI79i |
||
| 245 | _aInsight guides: Costa Rica | ||
| 260 | _aCosta Rica | ||
| 260 | _c2003 | ||
| 300 | _a300 páginas | ||
| 650 |
_aCOSTA RICA _912079 |
||
| 650 |
_aDESCRIPCIONES Y VIAJES _912080 |
||
| 942 | _cBK | ||
| 999 |
_c1357 _d1357 |
||